[Event "MCRE_PF10"]
[Site "?"]
[Date "2002.??.??"]
[Round "?"]
[White "Koci, Vladimir"]
[Black "Ksir, Bohumil"]
[Result "1/2-1/2"]
[WhiteElo "2170"]
[BlackElo "2165"]
[PlyCount "80"]
[EventDate "2002.??.??"]
[EventType "corr"]
[EventRounds "2"]

1. d4 Nf6 2. Nf3 d5 3. Bf4 c5 4. e3 Bg4 5. dxc5 Nc6 6. Bb5 e6 7. b4 a5 8. c3
axb4 9. cxb4 Nd7 10. Qb3 Bxf3 11. gxf3 g5 12. Bg3 Bg7 13. Nc3 Nde5 14. Bxe5
Bxe5 15. Ke2 Qf6 16. Rac1 Bxc3 17. Rxc3 Rg8 18. Rcc1 Ke7 19. Bxc6 bxc6 20. h3
Ra7 21. a4 Rga8 22. Ra1 e5 23. b5 cxb5 24. Qxb5 d4 25. Qb6 Rxa4 26. Qb7+ Kf8
27. Qxa8+ Rxa8 28. Rxa8+ Kg7 29. Rc1 Qc6 30. Rb8 Qa6+ 31. Kd2 Qa5+ 32. Kd3 Qa3+
33. Kd2 h5 34. Rc2 Qa5+ 35. Ke2 Qa6+ 36. Ke1 Qa1+ 37. Ke2 Qa6+ 38. Kd2 Qf1 39.
exd4 Qxf2+ 40. Kc1 Qf1+ 1/2-1/2

[Event "MCRE_PF10"]
[Site "?"]
[Date "2002.??.??"]
[Round "?"]
[White "Cedrych, Karel"]
[Black "Brousek, Jiri"]
[Result "1/2-1/2"]
[WhiteElo "2180"]
[BlackElo "2325"]
[PlyCount "63"]
[EventDate "2002.??.??"]
[EventType "corr"]
[EventRounds "2"]

1. e4 e6 2. d4 d5 3. Nc3 dxe4 4. Nxe4 Bd7 5. Nf3 Bc6 6. Bd3 Nd7 7. O-O Ngf6 8.
Ng3 Be7 9. Qe2 O-O 10. Rd1 Bxf3 11. Qxf3 c6 12. c3 Qc7 13. Bf4 Bd6 14. Bxd6
Qxd6 15. Ne4 Nxe4 16. Bxe4 Nf6 17. Bc2 Rfd8 18. Re1 c5 19. dxc5 Qxc5 20. Rad1
b5 21. Rd3 Rac8 22. Red1 Rxd3 23. Bxd3 a5 24. a3 b4 25. axb4 axb4 26. Ba6 Re8
27. cxb4 Qxb4 28. b3 h6 29. Bc4 Rc8 30. h3 Qb6 31. Ra1 Kf8 32. Ra8 1/2-1/2

[Event "MCRE_PF10"]
[Site "?"]
[Date "2002.??.??"]
[Round "?"]
[White "Rotter, Walter"]
[Black "Milos, Vladislav"]
[Result "0-1"]
[WhiteElo "2155"]
[BlackElo "2180"]
[PlyCount "36"]
[EventDate "2002.??.??"]
[EventType "corr"]
[EventRounds "2"]

1. d4 Nf6 2. c4 e6 3. Nf3 d5 4. Nc3 Be7 5. Bg5 O-O 6. e3 h6 7. Bh4 b6 8. Qb3
Bb7 9. Bxf6 Bxf6 10. cxd5 exd5 11. Bd3 c5 12. dxc5 d4 13. Be4 Nc6 14. Rd1 Qe7
15. exd4 Na5 16. Qc2 Rae8 17. Nd2 Bxd4 18. b4 f5 0-1

[Event "MCRE_PF10"]
[Site "?"]
[Date "2002.??.??"]
[Round "?"]
[White "Nigrin, Jiri"]
[Black "Brousek, Jiri"]
[Result "0-1"]
[WhiteElo "2125"]
[BlackElo "2325"]
[PlyCount "62"]
[EventDate "2002.??.??"]
[EventType "corr"]
[EventRounds "2"]

1. d4 e6 2. Nf3 f5 3. g3 Nf6 4. Bg2 d5 5. O-O Bd6 6. c4 c6 7. Bf4 Bxf4 8. gxf4
O-O 9. Nbd2 Nbd7 10. Rc1 Ne4 11. e3 Kh8 12. Nxe4 fxe4 13. Ng5 Nf6 14. Kh1 h6
15. Nh3 Qb6 16. b3 Qa5 17. a4 Bd7 18. Rg1 Be8 19. Qc2 Bh5 20. Qc3 Qc7 21. Rge1
g5 22. Qc2 Rg8 23. cxd5 exd5 24. Qc5 Bf3 25. Bxf3 exf3 26. Ng1 Ne4 27. Qc2 g4
28. Rf1 Qe7 29. Qd1 Qh4 30. Nxf3 gxf3 31. Qxf3 Rg7 0-1

[Event "MCRE_PF10"]
[Site "?"]
[Date "2002.??.??"]
[Round "?"]
[White "Brousek, Jiri"]
[Black "Rotter, Walter"]
[Result "1-0"]
[WhiteElo "2325"]
[BlackElo "2155"]
[PlyCount "57"]
[EventDate "2002.??.??"]
[EventType "corr"]
[EventRounds "2"]

1. d4 Nf6 2. Nf3 c5 3. d5 e6 4. c4 d6 5. Nc3 exd5 6. cxd5 g6 7. e4 Bg7 8. Bf4
Nh5 9. Bg5 Nf6 10. Bd3 O-O 11. O-O a6 12. a4 Qc7 13. Qd2 Nbd7 14. Bh6 Ng4 15.
Bxg7 Kxg7 16. a5 f6 17. Na4 Nge5 18. Nxe5 fxe5 19. b4 cxb4 20. Qxb4 Qd8 21.
Rac1 Rf6 22. Rc2 h5 23. Rfc1 Rb8 24. Rc7 Kg8 25. Nb6 Nc5 26. R1xc5 dxc5 27.
Qxc5 Bg4 28. h3 Bd1 29. Bc4 1-0

[Event "MCRE_PF10"]
[Site "?"]
[Date "2002.??.??"]
[Round "?"]
[White "Brousek, Jiri"]
[Black "Ksir, Bohumil"]
[Result "1/2-1/2"]
[WhiteElo "2325"]
[BlackElo "2165"]
[PlyCount "63"]
[EventDate "2002.??.??"]
[EventType "corr"]
[EventRounds "2"]

1. d4 Nf6 2. Nf3 e6 3. Bg5 h6 4. Bh4 b6 5. e3 Bb7 6. Nbd2 c5 7. Bd3 cxd4 8.
exd4 Be7 9. Bxf6 Bxf6 10. Qe2 O-O 11. O-O d6 12. c3 Qc7 13. Rfe1 Nd7 14. Be4
Bxe4 15. Nxe4 Rac8 16. Rad1 d5 17. Nxf6+ Nxf6 18. Ne5 Qe7 19. Rd3 Ne4 20. Qg4
b5 21. Rh3 Qg5 22. Qxg5 Nxg5 23. Rhe3 Ne4 24. R3e2 Rc7 25. f3 Nd6 26. a3 Rfc8
27. Kf2 a5 28. Nd3 Kf8 29. Nc5 Nb7 30. Nd3 Nd6 31. h4 h5 32. g3 1/2-1/2

[Event "MCRE_PF10"]
[Site "?"]
[Date "2002.??.??"]
[Round "?"]
[White "Milos, Vladislav"]
[Black "Brousek, Jiri"]
[Result "0-1"]
[WhiteElo "2180"]
[BlackElo "2325"]
[PlyCount "100"]
[EventDate "2002.??.??"]
[EventType "corr"]
[EventRounds "2"]

1. e4 e6 2. d4 d5 3. Nc3 dxe4 4. Nxe4 Bd7 5. Nf3 Bc6 6. Bd3 Nd7 7. O-O Ngf6 8.
Re1 Nxe4 9. Bxe4 Bxe4 10. Rxe4 Nf6 11. Bg5 h6 12. Bxf6 Qxf6 13. c3 O-O-O 14. a4
Bd6 15. b4 c6 16. Qb3 Kb8 17. Ne5 Ka8 18. Re3 Bxe5 19. Rxe5 Rd5 20. Re2 Rhd8
21. Rae1 Rg5 22. Qc2 Qf3 23. g3 Rgd5 24. Re4 g5 25. R4e3 Qf6 26. Qe2 Qg6 27.
Re5 Rxe5 28. Qxe5 g4 29. Qc7 Qg8 30. Rf1 h5 31. f3 f5 32. fxg4 hxg4 33. Qe7 Re8
34. Qf6 Qf8 35. Qg6 Qg8 36. Qh5 Qh8 37. Qf7 Qg8 38. Qxg8 Rxg8 39. Re1 Rg6 40.
b5 Kb8 41. bxc6 bxc6 42. Rb1+ Kc7 43. a5 Rg8 44. Re1 Kd6 45. Rb1 Rc8 46. Kf2 c5
47. Rb7 Rc7 48. Rxc7 Kxc7 49. Ke3 Kc6 50. c4 a6 0-1

[Event "MCRE_PF10"]
[Site "?"]
[Date "2002.??.??"]
[Round "?"]
[White "Cedrych, Karel"]
[Black "Milos, Vladislav"]
[Result "1-0"]
[WhiteElo "2180"]
[BlackElo "2180"]
[PlyCount "89"]
[EventDate "2002.??.??"]
[EventType "corr"]
[EventRounds "2"]

1. e4 c5 2. Nf3 Nc6 3. d4 cxd4 4. Nxd4 Nf6 5. Nc3 e5 6. Ndb5 d6 7. Bg5 a6 8.
Na3 b5 9. Nd5 Be6 10. c4 bxc4 11. Bxc4 Qa5+ 12. Bd2 Qd8 13. Nxf6+ Qxf6 14. O-O
Bd7 15. Bd5 Rb8 16. f4 Qd8 17. Nc4 f6 18. Rc1 exf4 19. Bxc6 Bxc6 20. Bxf4 Bb5
21. Nxd6+ Bxd6 22. Bxd6 Bxf1 23. Qh5+ g6 24. Qd5 Qd7 25. Bxb8 Qxd5 26. exd5 O-O
27. Bd6 Rd8 28. Bc7 Rxd5 29. Kxf1 Rd2 30. Rc6 Rxb2 31. Rxa6 Kf7 32. a4 Rb1+ 33.
Kf2 Rb2+ 34. Kf3 Rb3+ 35. Kf4 Rb4+ 36. Ke3 Rb3+ 37. Kd4 Rb2 38. g4 Rb4+ 39. Kd5
Rxg4 40. Ra7 Rg5+ 41. Kd6 Rf5 42. Bb6+ Kg8 43. Ke6 Rf4 44. Be3 Rf1 45. Bd4 1-0

[Event "MCRE_PF10"]
[Site "?"]
[Date "2002.??.??"]
[Round "?"]
[White "Cedrych, Karel"]
[Black "Rotter, Walter"]
[Result "1-0"]
[WhiteElo "2180"]
[BlackElo "2155"]
[PlyCount "55"]
[EventDate "2002.??.??"]
[EventType "corr"]
[EventRounds "2"]

1. e4 e5 2. Nf3 Nc6 3. Bb5 a6 4. Ba4 Nf6 5. O-O Be7 6. Re1 b5 7. Bb3 O-O 8. c3
d6 9. h3 Na5 10. Bc2 c5 11. d4 Qc7 12. Nbd2 Re8 13. Nf1 Bf8 14. b3 Nc6 15. d5
Ne7 16. Bg5 Nd7 17. a4 Bb7 18. Ng3 f6 19. Be3 Reb8 20. Qe2 bxa4 21. Rxa4 f5 22.
Nxf5 Nxf5 23. exf5 Nb6 24. Rh4 Nxd5 25. Qc4 Kh8 26. f6 Nxf6 27. Bxh7 g5 28.
Nxg5 1-0

[Event "MCRE_PF10"]
[Site "?"]
[Date "2002.??.??"]
[Round "?"]
[White "Brousek, Jiri"]
[Black "Nigrin, Jiri"]
[Result "1-0"]
[WhiteElo "2325"]
[BlackElo "2125"]
[PlyCount "83"]
[EventDate "2002.??.??"]
[EventType "corr"]
[EventRounds "2"]

1. d4 Nf6 2. Nf3 g6 3. Nc3 d5 4. Bf4 c6 5. e3 Bg7 6. Be2 O-O 7. h4 Bg4 8. Ne5
Bxe2 9. Qxe2 Nbd7 10. O-O-O Nh5 11. g4 Nxf4 12. exf4 f6 13. Nd3 Qc7 14. f5 gxf5
15. gxf5 Kh8 16. Qh5 Rfe8 17. Rde1 e5 18. fxe6 Nf8 19. f4 Rxe6 20. f5 Rxe1+ 21.
Rxe1 Rd8 22. Rg1 Rd7 23. Kb1 Qh2 24. Qg4 Re7 25. Nf4 Qd2 26. Nce2 Qe3 27. Nc1
Rd7 28. Ncd3 Qe8 29. h5 h6 30. Nc5 Re7 31. Qg3 Kh7 32. Ng6 Nxg6 33. hxg6+ Kg8
34. Ne6 Qd7 35. Qb8+ Re8 36. Qxa7 Qe7 37. Rg3 Qd7 38. a4 Qc8 39. Rb3 Re7 40. a5
Bf8 41. g7 Bxg7 42. a6 1-0

[Event "MCRE_PF10"]
[Site "?"]
[Date "2002.??.??"]
[Round "?"]
[White "Milos, Vladislav"]
[Black "Rotter, Walter"]
[Result "1-0"]
[WhiteElo "2180"]
[BlackElo "2155"]
[PlyCount "45"]
[EventDate "2002.??.??"]
[EventType "corr"]
[EventRounds "2"]

1. e4 e5 2. Nf3 Nc6 3. Nc3 g6 4. d4 exd4 5. Nd5 Bg7 6. Bg5 Nce7 7. Nxd4 h6 8.
Nb5 Be5 9. Be3 Nxd5 10. Qxd5 d6 11. Bc4 Rh7 12. Nxa7 c6 13. Qd2 Be6 14. Bb3 Bd7
15. O-O-O b6 16. Nb5 cxb5 17. f4 Bf6 18. Qxd6 Rb8 19. f5 g5 20. Qg3 Qc8 21. h4
Rg7 22. hxg5 Rb7 23. g6 1-0

[Event "MCRE_PF10"]
[Site "?"]
[Date "2002.??.??"]
[Round "?"]
[White "Rotter, Walter"]
[Black "Brousek, Jiri"]
[Result "0-1"]
[WhiteElo "2155"]
[BlackElo "2325"]
[PlyCount "76"]
[EventDate "2002.??.??"]
[EventType "corr"]
[EventRounds "2"]

1. d4 e6 2. e4 d5 3. Nd2 dxe4 4. Nxe4 Bd7 5. Nf3 Bc6 6. Bd3 Nd7 7. O-O Ngf6 8.
Neg5 Bd6 9. Re1 h6 10. Nh3 Bxf3 11. Qxf3 c6 12. Nf4 Qa5 13. c3 O-O 14. Bc2 e5
15. Ne2 Qc7 16. h3 Rfe8 17. dxe5 Nxe5 18. Qf5 Qe7 19. Bd2 g6 20. Qf4 Nd3 21.
Qxh6 Nxe1 22. Rxe1 Qe5 23. Nf4 Bf8 24. Qh4 Qd6 25. Rd1 Bg7 26. Bb3 Qc5 27. Nxg6
Rad8 28. Nf4 Qb5 29. c4 Qf5 30. g4 Qe5 31. Re1 Ne4 32. Bc1 Qd4 33. Ne2 Qc5 34.
Be3 Qa5 35. Nc3 Bf6 36. Qh6 Re6 37. Qf4 Nxc3 38. bxc3 Bg5 0-1

[Event "MCRE_PF10"]
[Site "?"]
[Date "2002.??.??"]
[Round "?"]
[White "Ksir, Bohumil"]
[Black "Koci, Vladimir"]
[Result "0-1"]
[WhiteElo "2165"]
[BlackElo "2170"]
[PlyCount "32"]
[EventDate "2002.??.??"]
[EventType "corr"]
[EventRounds "2"]

1. e4 c5 2. Nf3 d6 3. d4 cxd4 4. Nxd4 Nf6 5. Nc3 g6 6. Nc6 Nxc6 7. Bd3 Bg7 8.
O-O O-O 9. Nd5 Ne5 10. Re1 Nxd5 11. exd5 Nxd3 12. cxd3 b6 13. Qb3 Bb7 14. Bg5
Re8 15. Rad1 Qd7 16. Bf4 Qf5 0-1

[Event "MCRE_PF10"]
[Site "?"]
[Date "2002.??.??"]
[Round "?"]
[White "Koci, Vladimir"]
[Black "Milos, Vladislav"]
[Result "1-0"]
[WhiteElo "2170"]
[BlackElo "2180"]
[PlyCount "33"]
[EventDate "2002.??.??"]
[EventType "corr"]
[EventRounds "2"]

1. d4 Nf6 2. Nf3 g6 3. Bf4 Bg7 4. e3 O-O 5. Nbd2 h6 6. Bd3 Nc6 7. c3 Nh5 8.
Bxh6 Bxh6 9. g4 Nf6 10. g5 Bg7 11. gxf6 Bxf6 12. h4 Kg7 13. d5 Nb8 14. h5 Rh8
15. Ke2 gxh5 16. Qg1+ Kf8 17. Ng5 1-0

[Event "MCRE_PF10"]
[Site "?"]
[Date "2002.??.??"]
[Round "?"]
[White "Rotter, Walter"]
[Black "Cedrych, Karel"]
[Result "0-1"]
[WhiteElo "2155"]
[BlackElo "2180"]
[PlyCount "68"]
[EventDate "2002.??.??"]
[EventType "corr"]
[EventRounds "2"]

1. d4 Nf6 2. c4 e6 3. Nf3 b6 4. a3 Bb7 5. Nc3 d5 6. cxd5 Nxd5 7. e3 Be7 8. Bb5+
c6 9. Bd3 Nxc3 10. bxc3 c5 11. O-O Nc6 12. Bb2 Rc8 13. Qe2 O-O 14. Rad1 cxd4
15. exd4 Bd6 16. Rfe1 Qc7 17. Be4 Na5 18. Nd2 Bxe4 19. Nxe4 Be7 20. d5 exd5 21.
Rxd5 Nc4 22. Bc1 Qc6 23. Red1 Rfe8 24. Qf3 Qe6 25. a4 Bc5 26. Ng3 Ne5 27. Qf5
Ng4 28. R5d2 Nxf2 29. Rxf2 Qxf5 30. Nxf5 Bxf2+ 31. Kxf2 Rxc3 32. Bf4 Rc4 33.
Nd6 Rd8 34. Bg3 Rxa4 0-1

[Event "MCRE_PF10"]
[Site "?"]
[Date "2002.??.??"]
[Round "?"]
[White "Nigrin, Jiri"]
[Black "Ksir, Bohumil"]
[Result "0-1"]
[WhiteElo "2125"]
[BlackElo "2165"]
[PlyCount "44"]
[EventDate "2002.??.??"]
[EventType "corr"]
[EventRounds "2"]

1. d4 Nf6 2. c4 e6 3. Nf3 b6 4. a3 Bb7 5. Nc3 d5 6. cxd5 Nxd5 7. Qc2 Nxc3 8.
Qxc3 Bd6 9. Bg5 f6 10. Bh6 gxh6 11. Qe3 Qe7 12. Qxh6 Rg8 13. e3 Rg6 14. Qh3 Nd7
15. Bd3 f5 16. Be2 O-O-O 17. Rd1 Qg7 18. g3 Kb8 19. Rg1 Qf8 20. Qf1 e5 21. dxe5
Nxe5 22. Nd4 Bb4+ 0-1

[Event "MCRE_PF10"]
[Site "?"]
[Date "2002.??.??"]
[Round "?"]
[White "Koci, Vladimir"]
[Black "Rotter, Walter"]
[Result "1-0"]
[WhiteElo "2170"]
[BlackElo "2155"]
[PlyCount "35"]
[EventDate "2002.??.??"]
[EventType "corr"]
[EventRounds "2"]

1. d4 Nf6 2. Nf3 c5 3. d5 g6 4. Nc3 Bg7 5. e4 O-O 6. e5 Ng4 7. Ng5 Nh6 8. h4 d6
9. h5 dxe5 10. Nxh7 Kxh7 11. hxg6+ fxg6 12. Bxh6 Bxh6 13. Qd2 Rf4 14. g3 Kg7
15. Rxh6 Kxh6 16. gxf4 Kg7 17. fxe5 Bf5 18. O-O-O 1-0

[Event "MCRE_PF10"]
[Site "?"]
[Date "2002.??.??"]
[Round "?"]
[White "Koci, Vladimir"]
[Black "Nigrin, Jiri"]
[Result "1-0"]
[WhiteElo "2170"]
[BlackElo "2125"]
[PlyCount "43"]
[EventDate "2002.??.??"]
[EventType "corr"]
[EventRounds "2"]

1. d4 Nf6 2. Nf3 g6 3. Bf4 Bg7 4. e3 O-O 5. Nbd2 Nh5 6. Bg5 h6 7. Bxh6 Bxh6 8.
g4 Ng7 9. g5 Bxg5 10. Nxg5 e5 11. Qg4 exd4 12. Qh4 Nh5 13. Be2 f6 14. Nge4 f5
15. Ng5 dxe3 16. Bxh5 exd2+ 17. Kxd2 Qe7 18. Rae1 Qd6+ 19. Kc1 Nc6 20. Bxg6
Qxg6 21. Rhg1 Rf6 22. Nh7 1-0

[Event "MCRE_PF10"]
[Site "?"]
[Date "2002.??.??"]
[Round "?"]
[White "Cedrych, Karel"]
[Black "Nigrin, Jiri"]
[Result "1-0"]
[WhiteElo "2180"]
[BlackElo "2125"]
[PlyCount "69"]
[EventDate "2002.??.??"]
[EventType "corr"]
[EventRounds "2"]

1. e4 c5 2. Nf3 Nc6 3. d4 cxd4 4. Nxd4 Nf6 5. Nc3 e5 6. Ndb5 d6 7. Bg5 a6 8.
Na3 b5 9. Nd5 Qa5+ 10. Bd2 Qd8 11. Bg5 Qa5+ 12. Bd2 Qd8 13. Nxf6+ Qxf6 14. Bd3
Qg6 15. O-O Nd4 16. Kh1 Bb7 17. f3 Be7 18. c3 Ne6 19. c4 Nc5 20. Be2 bxc4 21.
Nxc4 Rd8 22. Ba5 Rc8 23. Nb6 Rc6 24. b4 Nd7 25. Nxd7 Kxd7 26. b5 Rc5 27. bxa6
Ba8 28. Bb4 Rc7 29. Bb5+ Bc6 30. Qa4 Bxb5 31. Qxb5+ Ke6 32. Qd5+ Kd7 33. Rfc1
Rhc8 34. Rxc7+ Rxc7 35. Qa5 1-0

[Event "MCRE_PF10"]
[Site "?"]
[Date "2002.??.??"]
[Round "?"]
[White "Rotter, Walter"]
[Black "Ksir, Bohumil"]
[Result "0-1"]
[WhiteElo "2155"]
[BlackElo "2165"]
[PlyCount "71"]
[EventDate "2002.??.??"]
[EventType "corr"]
[EventRounds "2"]

1. d4 Nf6 2. c4 g6 3. Nf3 Bg7 4. g3 O-O 5. Bg2 d6 6. O-O Nbd7 7. Qc2 c5 8. Nc3
a6 9. Rd1 Rb8 10. Rb1 Qc7 11. b3 b5 12. cxb5 axb5 13. Bg5 b4 14. Na4 h6 15. Bd2
Bb7 16. Ne1 Rfc8 17. dxc5 Bxg2 18. Nxg2 Nxc5 19. Rbc1 Qa5 20. Nxc5 Rxc5 21. Qb1
Rxc1 22. Rxc1 Nd5 23. a3 Nc3 24. Qd3 d5 25. Ne3 e6 26. Rc2 Rc8 27. Kf1 Rc5 28.
Ng4 h5 29. Ne3 e5 30. f3 f5 31. Nxf5 gxf5 32. Qxf5 Qa6 33. Be3 Rc8 34. Qxh5 d4
35. Bf2 d3 36. Rd2 0-1

[Event "MCRE_PF10"]
[Site "?"]
[Date "2002.??.??"]
[Round "?"]
[White "Ksir, Bohumil"]
[Black "Rotter, Walter"]
[Result "0-1"]
[WhiteElo "2165"]
[BlackElo "2155"]
[PlyCount "58"]
[EventDate "2002.??.??"]
[EventType "corr"]
[EventRounds "2"]

1. e4 e5 2. Nf3 Nc6 3. d4 exd4 4. Nxd4 Bc5 5. Be3 Qf6 6. c3 Nge7 7. Bc4 O-O 8.
O-O b6 9. Qd2 Bb7 10. b4 Bxd4 11. cxd4 Rfe8 12. d5 Ne5 13. Be2 c6 14. Nc3 cxd5
15. Bg5 Qe6 16. f4 N5c6 17. b5 d4 18. f5 Qe5 19. Nd1 Na5 20. Bd3 Rac8 21. Bf4
Qc5 22. Ne3 dxe3 23. Qe2 Nc4 24. Rac1 d5 25. exd5 Bxd5 26. f6 Ng6 27. fxg7 Be6
28. Rce1 Nge5 29. Bxe5 Nxe5 0-1

[Event "MCRE_PF10"]
[Site "?"]
[Date "2002.??.??"]
[Round "?"]
[White "Nigrin, Jiri"]
[Black "Cedrych, Karel"]
[Result "1/2-1/2"]
[WhiteElo "2125"]
[BlackElo "2180"]
[PlyCount "91"]
[EventDate "2002.??.??"]
[EventType "corr"]
[EventRounds "2"]

1. d4 Nf6 2. c4 e6 3. Nf3 b6 4. a3 Bb7 5. Nc3 d5 6. cxd5 Nxd5 7. Qc2 Nxc3 8.
Qxc3 h6 9. Bf4 Bd6 10. Bg3 Nd7 11. e3 O-O 12. Bb5 Rc8 13. Bh4 Qe8 14. Bc6 Bxc6
15. Qxc6 e5 16. O-O f5 17. Rae1 e4 18. Nd2 Nf6 19. Qxe8 Nxe8 20. g4 fxg4 21.
Nxe4 g5 22. Bg3 Be7 23. Rc1 Nd6 24. Nd2 c6 25. Rc2 Nf7 26. Kg2 h5 27. f3 gxf3+
28. Nxf3 h4 29. Be1 c5 30. d5 Nd6 31. e4 Rce8 32. Re2 g4 33. Nxh4 Rxf1 34. Kxf1
Bf6 35. b4 Rxe4 36. bxc5 bxc5 37. Ng2 Bd4 38. a4 Kf7 39. Bg3 Rxe2 40. Kxe2 Ne4
41. Bb8 a5 42. Kd3 Nc3 43. Ne3 Nxa4 44. Nxg4 Nc3 45. Be5 Nxd5 46. Bxd4 1/2-1/2

[Event "MCRE_PF10"]
[Site "?"]
[Date "2002.??.??"]
[Round "?"]
[White "Ksir, Bohumil"]
[Black "Nigrin, Jiri"]
[Result "1-0"]
[WhiteElo "2165"]
[BlackElo "2125"]
[PlyCount "79"]
[EventDate "2002.??.??"]
[EventType "corr"]
[EventRounds "2"]

1. e4 c5 2. Nf3 Nc6 3. d4 cxd4 4. Nxd4 Nf6 5. Nc3 e5 6. Ndb5 d6 7. Bg5 a6 8.
Bxf6 gxf6 9. Na3 f5 10. exf5 Bxf5 11. Nd5 b5 12. Bd3 Be6 13. Be4 Rc8 14. c3 Bg7
15. Qd3 Ne7 16. Nxe7 Kxe7 17. Rd1 Rc5 18. Nc2 Bxa2 19. Ne3 Be6 20. O-O h6 21.
Bd5 Bf6 22. Nf5+ Bxf5 23. Qxf5 Rf8 24. Qh5 Bg5 25. h4 Bf6 26. Rd3 a5 27. b4
axb4 28. cxb4 Rc8 29. Rf3 Qd7 30. Qxh6 Bh8 31. Qg5+ f6 32. Qh6 Ke8 33. Rc1
Rxc1+ 34. Qxc1 Ke7 35. Rc3 Kd8 36. Ra3 Ke7 37. Qh6 f5 38. Qh7+ Kd8 39. Ra8+ Kc7
40. Ra7+ 1-0

[Event "MCRE_PF10"]
[Site "?"]
[Date "2002.??.??"]
[Round "?"]
[White "Nigrin, Jiri"]
[Black "Strnad, Martin"]
[Result "1/2-1/2"]
[WhiteElo "2125"]
[BlackElo "2210"]
[PlyCount "60"]
[EventDate "2002.??.??"]
[EventType "corr"]
[EventRounds "2"]

1. d4 d5 2. c4 e6 3. Nf3 Nf6 4. Nc3 Be7 5. Bg5 h6 6. Bh4 O-O 7. Rc1 b6 8. cxd5
exd5 9. e3 Bb7 10. Bd3 Nbd7 11. O-O Re8 12. Qc2 c5 13. Rfd1 c4 14. Bf5 a6 15.
b3 b5 16. bxc4 dxc4 17. Ne5 Qc7 18. Nxd7 Nxd7 19. Bxe7 Rxe7 20. Rb1 Nf6 21. a4
g6 22. Bh3 bxa4 23. Rb4 Nd5 24. Rxa4 Nxc3 25. Qxc3 Bd5 26. Ra5 Qd6 27. Rc5 Rb7
28. Qa5 Rb5 29. Rxb5 axb5 30. Qxb5 c3 1/2-1/2

[Event "MCRE_PF10"]
[Site "?"]
[Date "2002.??.??"]
[Round "?"]
[White "Cedrych, Karel"]
[Black "Ksir, Bohumil"]
[Result "1/2-1/2"]
[WhiteElo "2180"]
[BlackElo "2165"]
[PlyCount "90"]
[EventDate "2002.??.??"]
[EventType "corr"]
[EventRounds "2"]

1. e4 c5 2. Nf3 Nc6 3. d4 cxd4 4. Nxd4 Nf6 5. Nc3 d6 6. Bg5 e6 7. f4 Be7 8. Qd2
O-O 9. O-O-O Nxd4 10. Qxd4 Qa5 11. Bc4 Bd7 12. e5 dxe5 13. fxe5 Bc6 14. Bxf6
gxf6 15. Bd5 f5 16. Bxc6 Bg5+ 17. Kb1 bxc6 18. g4 Rad8 19. Qc4 Rxd1+ 20. Rxd1
Qxe5 21. gxf5 Qxf5 22. Qxc6 Bf6 23. Qg2+ Bg7 24. Rd3 Rb8 25. Nd1 Qe5 26. c3 Qf5
27. Qc2 Qg6 28. Rd7 a6 29. h3 e5 30. Qxg6 hxg6 31. Kc2 e4 32. Ne3 Bh6 33. Nd5
e3 34. b4 Re8 35. Nf6+ Kf8 36. Rd1 Re6 37. Nd5 f5 38. Kd3 Kf7 39. Ke2 f4 40. a4
Re5 41. c4 Rh5 42. Rf1 g5 43. Rf3 g4 44. hxg4 Rh2+ 45. Ke1 Rh1+ 1/2-1/2

[Event "MCRE_PF10"]
[Site "?"]
[Date "2002.??.??"]
[Round "?"]
[White "Rotter, Walter"]
[Black "Nigrin, Jiri"]
[Result "0-1"]
[WhiteElo "2155"]
[BlackElo "2125"]
[PlyCount "102"]
[EventDate "2002.??.??"]
[EventType "corr"]
[EventRounds "2"]

1. d4 Nf6 2. c4 g6 3. Nc3 d5 4. Nf3 Bg7 5. Qb3 dxc4 6. Qxc4 O-O 7. e4 a6 8. Qb3
c5 9. dxc5 Nbd7 10. Qb4 Qc7 11. Be3 Ng4 12. Bg5 a5 13. Qa3 Bxc3+ 14. Qxc3 Nxc5
15. Bc4 b5 16. Bd5 b4 17. Qc2 Ba6 18. Bxa8 Rxa8 19. Rc1 Nd3+ 20. Qxd3 Qxc1+ 21.
Bxc1 Bxd3 22. h3 Rc8 23. Bd2 Nf6 24. e5 Nd7 25. Kd1 Be4 26. Re1 Nc5 27. Re2 Nd3
28. b3 Rc5 29. Nh4 Rxe5 30. f3 Bb7 31. Rxe5 Nxe5 32. Ke2 Bd5 33. g4 Nc6 34. Be3
a4 35. bxa4 Bxa2 36. Bd2 Bc4+ 37. Ke3 b3 38. Bc3 Bf1 39. f4 Na5 40. Kd2 Nc4+
41. Kc1 Bxh3 42. g5 Bg4 43. a5 b2+ 44. Bxb2 Nxa5 45. Ng2 Nc4 46. Bd4 Nd6 47.
Ne3 Be6 48. Bc5 Kg7 49. Kc2 h5 50. gxh6+ Kxh6 51. Kd3 g5 0-1

[Event "MCRE_PF10"]
[Site "?"]
[Date "2002.??.??"]
[Round "?"]
[White "Nigrin, Jiri"]
[Black "Rotter, Walter"]
[Result "1-0"]
[WhiteElo "2125"]
[BlackElo "2155"]
[PlyCount "103"]
[EventDate "2002.??.??"]
[EventType "corr"]
[EventRounds "2"]

1. d4 Nf6 2. c4 c5 3. d5 g6 4. Nc3 Bg7 5. e4 d6 6. Nf3 O-O 7. Be2 Na6 8. O-O
Nc7 9. Nd2 e5 10. dxe6 Nxe6 11. Nb3 Re8 12. Be3 b6 13. f3 Bb7 14. Nb5 Bf8 15.
Qd2 a6 16. Nc3 Qe7 17. a4 a5 18. Bd3 Nc7 19. Bg5 Bg7 20. Nd5 Ncxd5 21. cxd5 Ba6
22. Bxa6 Rxa6 23. Rfc1 Raa8 24. Bh6 Bxh6 25. Qxh6 Qe5 26. Nd2 Nd7 27. Nc4 Qd4+
28. Qe3 Qxe3+ 29. Nxe3 Ne5 30. Ra3 Rab8 31. Kf2 h5 32. Rc2 f6 33. g3 Kf7 34.
Rb3 Ke7 35. h3 Kd7 36. f4 Nf7 37. Kf3 Kc7 38. Rb5 Nh6 39. Nc4 g5 40. Rh2 Re7
41. Rh1 gxf4 42. gxf4 Rg7 43. Rh2 Nf7 44. Rg2 Rxg2 45. Kxg2 Nh8 46. Kg3 Rf8 47.
Kf2 Rb8 48. Rb3 Ng6 49. Rg3 Rg8 50. f5 Ne7 51. Rxg8 Nxg8 52. Kg3 1-0

[Event "MCRE_PF10"]
[Site "?"]
[Date "2002.??.??"]
[Round "?"]
[White "Brousek, Jiri"]
[Black "Strnad, Martin"]
[Result "1/2-1/2"]
[WhiteElo "2325"]
[BlackElo "2210"]
[PlyCount "67"]
[EventDate "2002.??.??"]
[EventType "corr"]
[EventRounds "2"]

1. d4 Nf6 2. Nf3 d5 3. e3 e6 4. Bd3 c5 5. b3 Nc6 6. Bb2 Bd6 7. O-O O-O 8. Nbd2
Qe7 9. dxc5 Bxc5 10. c4 Nb4 11. Bb1 dxc4 12. Nxc4 Rd8 13. Qe2 Nbd5 14. a3 a5
15. Nce5 Bd7 16. Rd1 Be8 17. Bd3 Nd7 18. Nxd7 Bxd7 19. Ne5 Be8 20. Qc2 h6 21.
Bh7+ Kh8 22. Be4 Bd6 23. Bxd5 exd5 24. Nf3 Qe4 25. Rac1 f6 26. Nd4 Bd7 27. Ne2
Bf5 28. Qd2 Qe8 29. a4 Qg6 30. f3 Bh3 31. Nf4 Bxf4 32. exf4 d4 33. Re1 d3 34.
Re3 1/2-1/2

[Event "MCRE_PF10"]
[Site "?"]
[Date "2002.??.??"]
[Round "?"]
[White "Strnad, Martin"]
[Black "Brousek, Jiri"]
[Result "1/2-1/2"]
[WhiteElo "2210"]
[BlackElo "2325"]
[PlyCount "68"]
[EventDate "2002.??.??"]
[EventType "corr"]
[EventRounds "2"]

1. d4 e6 2. c4 f5 3. Nf3 Nf6 4. Nc3 Bb4 5. Qb3 Qe7 6. g3 Nc6 7. a3 Bxc3+ 8.
Qxc3 d6 9. b4 e5 10. dxe5 Nxe5 11. Nxe5 Qxe5 12. Qxe5+ dxe5 13. Bb2 e4 14. f3
O-O 15. Bg2 c6 16. Bxf6 exf3 17. exf3 Rxf6 18. f4 Be6 19. c5 Rd8 20. O-O Rff8
21. Rfe1 Kf7 22. Re5 g6 23. b5 Bd5 24. Rae1 Bxg2 25. Re7+ Kg8 26. Kxg2 Rd2+ 27.
Kh3 Rf7 28. Re8+ Kg7 29. bxc6 bxc6 30. Rc8 Rb7 31. Rxc6 Rc2 32. Rg1 Rc3 33. a4
Kh6 34. Rg2 Rb4 1/2-1/2